000 00637nam a2200241 i 4500
001 C2-0271371
003 PPAK
005 20180728001357.0
008 060809s1996 nyua|||| ||||| | eng d
020 _a9839914901
040 _aPPAK
_beng
_cPPAK
_erda
082 0 4 _a659.1
_223
090 0 0 _a659.1
_bMAC
_dG
100 1 _aMachado, John,
_eauthor
245 1 0 _aCreating desire
264 1 _aNew York :
_bA Sympress Book ,
_c1996
300 _axi, 233 pages :
_billustrations ;
_c24 cm
336 _2rdacontent
_atext
337 _2rdamedia
_aunmediated
338 _2rdacarrier
_avolume
650 1 0 _aAdvertising.
942 _ddc
_cB
999 _c79656
_d79656